000 00521nmm a2200169Ia 4500
008 251105s9999||||xx |||||||||||||||||und||
020 _a9788446040156
041 _aspa
100 _aSartelli, Hector Eduardo
245 0 _aLa cajita infeliz : un viaje marxista a través del capitalismo
264 _a[Madrid, España] :
_bAkal,
_c2014
300 _a864 páginas
490 _aPensamiento crítico
650 _aPolitical Science (General)
856 _uhttps://public.digitaliapublishing.com/a/37672
942 _cCF
999 _c82996
_d82996